00732cam a22002055a 4500999001500000001000500015003000900020005001700029008004100046040003800087082002100125245006200146260004700208300002500255504005100280650003400331700001500365942001200380952013400392 c1528d15289750BD-DhUAP20200209142508.0200209s2006 pk b 001 0 eng  aBD-DhUAPcBD-DhUAPbEngdBD-DhUAP 223a345.5491 CRI14aThe Criminal Procedure code, 1898 /cedited by M. Farani. aLahore :bNational Law Book House,cc2006. a1418 pages ;c24 cm. aIncludes bibliographical references and index. 0aCriminal procedurezPakistan.1 aFarani, M. 2ddccBK 00102ddc4070aUAPCLbUAPCLcGeneral Stacksd2020-02-09l1o345.5491 CRIp3010009750r2024-11-05s2024-10-27t1w2020-02-09yBK